Real World Research / A Resource for Social Scientists and Practitioner - Researchers (Record no. 5672)
[ view plain ]
| 000 -LEADER | |
|---|---|
| fixed length control field | 01252cam a22002054a 4500 |
| 005 - ΗΜΕΡΟΜΗΝΙΑ ΚΑΙ ΩΡΑ ΤΕΛΕΥΤΑΙΑΣ ΕΝΗΜΕΡΩΣΗΣ | |
| Πεδίο ελέγχου | 20250605164219.0 |
| 008 - FIXED-LENGTH DATA ELEMENTS--GENERAL INFORMATION | |
| Πεδίο ελέγχου σταθερού μήκους | 250528s ||||||||||||||||||||||||d |
| 035 ## - SYSTEM CONTROL NUMBER | |
| System control number | 20581 |
| 020 ## - ISBN | |
| ISBN | 631176896 |
| 040 ## - ΠΗΓΗ ΚΑΤΑΛΟΓΟΓΡΑΦΗΣΗΣ | |
| Φορέας πρωτότυπης καταλογογράφησης | MC Athens Campus Library |
| Γλώσσα καταλογογράφησης | Ελληνικά, Μοντέρνα (1453-) |
| Modifying agency | MC Athens Campus Library |
| Κανόνες περιγραφικής καταλογογράφησης | AACR2 |
| 245 1# - ΤΙΤΛΟΣ ΚΑΙ ΔΗΛΩΣΗ ΥΠΕΥΘΥΝΟΤΗΤΑΣ | |
| Τίτλος | Real World Research / A Resource for Social Scientists and Practitioner - Researchers |
| 250 ## - EDITION STATEMENT | |
| Edition statement | 1st |
| 260 ## - PUBLICATION, DISTRIBUTION, ETC. | |
| Name of publisher, distributor, etc. | Blackwell, |
| Date of publication, distribution, etc. | 1993 |
| 300 ## - PHYSICAL DESCRIPTION | |
| Extent | 510 |
| 520 ## - SUMMARY, ETC. | |
| Summary, etc. | This book is the first to give advice and support in the carrying out of such real world research. Preface, Acknowledgements, Before You Start, Real World Enquiry, Developing a Proposal, Designing the Enquiry, General Design Issues, Experimental Design Outside the Laboratory, Designing Small Surveys, Designing Case Studies, Designing Evaluations, Tactics - the Methods of Data Collection, Observational Methods, Interviews and Questionnaires, Unobtrusive Measures and Other Approaches, Dealing with the Data, The Analysis of Quantitative Data, The Analysis of Qualitative Data, Making an Impact, Reporting on the Enquiry, Intervention and Change, Researchers and Practitioners, Appendix, References, Author and Subject Index. |
| 700 1# - ΠΡΟΣΘΕΤΗ ΑΝΑΓΡΑΦΗ--ΦΥΣΙΚΟ ΠΡΟΣΩΠΟ | |
| Personal name | Robson Colin |
| 9 (RLIN) | 6551 |
| 942 ## - ADDED ENTRY ELEMENTS (KOHA) | |
| Koha item type | Books |
| Τύπος τεκμηρίου | Βιβλιοθήκη | Τρέχουσα τοποθεσία | Barcode | Αριθμός εισαγωγής | Ημερομηνία απόκτησης | Ταξιθετικό σύμβολο | Αριθμός αντιτύπου | Κατάσταση απόσυρσης | Κατάσταση χαμένου | Κατάσταση κατεστραμμένου | Μη δανεισμός | Σύνολο δανεισμών | Ημερομηνία τελευταίας εμφάνισης | Η τιμή ισχύει από |
|---|---|---|---|---|---|---|---|---|---|---|---|---|---|---|
| Books | MC Athens Campus Library | MC Athens Campus Library | 9780000056719 | 7079 | 05/06/2025 | 300/.72 ROB | 1 | 05/06/2025 | 05/06/2025 |